000 00381nam a2200145Ia 4500
008 240624s9999 xx 000 0 und d
041 _aeng
082 _a330.15195 DOU
100 _aDOUGHERTY CHRISTOPHER
245 _aINTRODUCTION TO ECONOMETRICS
250 _a(3rd ed.)
260 _c2007
_aNew Delhi
_bOxford University press
300 _a480 : p. : 24 : cm.
365 _cRS
_b30
999 _c9489
_d9489